| 000 -LEADER | |
|---|---|
| fixed length control field | 00478nam a22001697a 4500 |
| 005 - DATE AND TIME OF LATEST TRANSACTION | |
| control field | 20240920142507.0 |
| 008 - FIXED-LENGTH DATA ELEMENTS--GENERAL INFORMATION | |
| fixed length control field | 240920b |||||||| |||| 00| 0 eng d |
| 041 ## - LANGUAGE CODE | |
| Language code of text/sound track or separate title | eng |
| 082 ## - DEWEY DECIMAL CLASSIFICATION NUMBER | |
| Classification number | 622.34 |
| 100 ## - MAIN ENTRY--AUTHOR NAME | |
| Personal name | DAS, DR. SAMIR KUMAR |
| 245 ## - TITLE STATEMENT | |
| Title | EXPLOSIVES, DRILLING AND BLASTING PRACTICES IN THE MINES INCLUDING THE METALLIFEROUS MINING |
| 250 ## - EDITION STATEMENT | |
| Edition statement | 1ST BED. 2022 |
| 260 ## - PUBLICATION, DISTRIBUTION, ETC. (IMPRINT) | |
| Place of publication | WEST BENGAL |
| Name of publisher | SAGARDEEP PRAKASHAN |
| 300 ## - PHYSICAL DESCRIPTION | |
| Number of Pages | 498;P |
| 650 ## - SUBJECT ADDED ENTRY--TOPICAL TERM | |
| Topical Term | PHARMACY |
| 942 ## - ADDED ENTRY ELEMENTS (KOHA) | |
| Koha item type | Books |
| Lost status | Damaged status | Collection code | Home library | Current library | Shelving location | Date acquired | Source of acquisition | Cost, normal purchase price | Serial Enumeration / chronology | Full call number | Accession Number | Koha item type |
|---|---|---|---|---|---|---|---|---|---|---|---|---|
| MINING | JRU Library | JRU Library | SHELF-72-D | 19/09/2024 | PURCHASE | 900.00 | NEW ARRIVALS SHELF | 622.34 | 28609 | Books | ||
| MINING | JRU Library | JRU Library | SHELF-100-A | 19/09/2024 | PURCHASE | 900.00 | 622.34 | 28610 | Books | |||
| MINING | JRU Library | JRU Library | SHELF-100-A | 19/09/2024 | PURCHASE | 900.00 | 622.34 | 28611 | Books |